000 00348nam a2200157Ia 4500
100 _aTejwani/V.K
490 _v2
942 _cBK
654 _aBasic Machine Shop Practice
245 _aBasic Machine Shop Practice
260 _bTata McGraw Hill
_aNew Delhi
_c2000
082 _a621.9
_bTEJ
300 _a254
546 _aENGLISH
999 _c29657
_d29657